000 00683nam a2200145 a 4500
008 120416s9999 ||||||||||||||||| || u
050 _aNA 9185 Ash
100 _aAshworth, William
245 1 4 _aThe genesis of modern British town planning
246 _aa study in economic and social history of nineteenth and twentieth centuries
260 _a(1954)
350 _a0.00
995 _aANNEX COLLECTION (Main Library)
_D0.00
_e711517
_FCBU-MAIN LIBRARY (Kitwe)
_H1
_I0.00
_jNA 9185 Ash
_UAVAILABLE
_y010376
_ZAnnex Low-Usage Collection
995 _aANNEX COLLECTION (Main Library)
_D0.00
_e711516
_FCBU-MAIN LIBRARY (Kitwe)
_H2
_I0.00
_jNA 9185 Ash
_UAVAILABLE
_y010375
_ZAnnex Low-Usage Collection
999 _c75841
_d75841